Inside netware Kỹ thuật nối mạng Novell netware

Enregistré dans:
Détails bibliographiques
Format: Livre
Langue:Undetermined
Publié: Hà Nội Thống kê 2000
Sujets:
Tags: Ajouter un tag
Pas de tags, Soyez le premier à ajouter un tag!
Thư viện lưu trữ: Trung tâm Học liệu Trường Đại học Cần Thơ
LEADER 00516nam a2200181Ia 4500
001 CTU_37881
008 210402s9999 xx 000 0 und d
082 |a 004.6 
082 |b I.59/T.1 
245 0 |a Inside netware 
245 0 |b Kỹ thuật nối mạng Novell netware 
245 0 |c VN-Guide (Tổng hợp và biên dịch) 
260 |a Hà Nội 
260 |b Thống kê 
260 |c 2000 
650 |a Internet 
904 |i T.Trang 
980 |a Trung tâm Học liệu Trường Đại học Cần Thơ